Normal view
MARC view
- Callery, Emma
Entry Personal Name
001 - CONTROL NUMBER
- control field: 121203
003 - CONTROL NUMBER IDENTIFIER
- control field: NUST
005 - DATE AND TIME OF LATEST TRANSACTION
- control field: 20240223101949.0
008 - FIXED-LENGTH DATA ELEMENTS
- fixed length control field: 240223|| aca||aabn | a|a d
040 ## - CATALOGING SOURCE
- Original cataloging agency: NUST
- Transcribing agency: NUST
100 ## - HEADING--PERSONAL NAME
- Personal name: Callery, Emma
670 ## - SOURCE DATA FOUND
- Source citation: Work cat.: (NUST): Callery, Emma, 1001 ideas for floors : , 2008.
